书目信息 |
| 题名: |
日用化学产品实用生产技术与配方
|
|
| 作者: | 谢明勇 , 王远兴 主编 | |
| 分册: | ||
| 出版信息: | 南昌 江西科学技术出版社 2002.06 |
|
| 页数: | 479页 | |
| 开本: | 21cm | |
| 丛书名: | 精细化工产品生产系列 | |
| 单 册: | ||
| 中图分类: | TQ072 | |
| 科图分类: | ||
| 主题词: | 日用化学品--生产工艺 , 日用化学品--配方 | |
| 电子资源: | ||
| ISBN: | 7-5390-2124-1 | |
| 000 | 00929nam2 2200253 45 | |
| 005 | 20050105155626.48 | |
| 010 | @a7-5390-2124-1@dCNY 28.00 | |
| 100 | @a20020901d2002 ekmy0chiy0121 ea | |
| 101 | 0 | @achi |
| 102 | @aCN@b360000 | |
| 105 | @aak z 000yy | |
| 200 | 1 | @a日用化学产品实用生产技术与配方@Ari yong hua xue chan pin sheng chan ji shu yu pei fang@f谢明勇, 王远兴主编 |
| 210 | @a南昌@c江西科学技术出版社@d2002.06 | |
| 215 | @a479页@c图, 表格@d21cm | |
| 225 | 2 | @a精细化工产品生产系列 |
| 330 | @a本书重点介绍了护肤洁肤用品、化妆卸妆化学用品、洗涤用品、专用清洁剂、口腔用品、发须用化妆品、其他类日用化学品七大类日用化学品的生产技术。 | |
| 410 | 0 | @12001 @a精细化工产品生产系列 |
| 606 | 0 | @a日用化学品@x生产工艺 |
| 606 | 0 | @a日用化学品@x配方 |
| 690 | @aTQ072@v3 | |
| 701 | 0 | @a谢明勇@Axie ming yong@4主编 |
| 701 | 0 | @a王远兴@Awang yuan xing@4主编 |
| 801 | 0 | @aCN@bQSSK2@c20050105 |
| 905 | @a10447@dTQ072@eX450 | |
| 日用化学产品实用生产技术与配方/谢明勇, 王远兴主编.-南昌:江西科学技术出版社,2002.06 |
| 479页:图, 表格;21cm.-(精细化工产品生产系列) |
| ISBN 7-5390-2124-1:CNY 28.00 |
| 本书重点介绍了护肤洁肤用品、化妆卸妆化学用品、洗涤用品、专用清洁剂、口腔用品、发须用化妆品、其他类日用化学品七大类日用化学品的生产技术。 |
| ● |
| 相关链接 |
|
|
|
正题名:日用化学产品实用生产技术与配方
索取号:TQ072/X450
 
预约/预借
| 序号 | 登录号 | 条形码 | 馆藏地/架位号 | 状态 | 备注 |
| 1 | 434363 | 204343638 | 自科库501/501自科库 138排8列6层/ [索取号:TQ072/X450] | 在馆 |